| 000 | 00508nam a2200157Ia 4500 | ||
|---|---|---|---|
| 008 | 170224s9999 xx 000 0 und d | ||
| 100 | _aAynne Kokas | ||
| 245 | _a“Freedom Edition”: Considering Sony Pictures and The Interview | ||
| 245 | _cAynne Kokas, Chuck Tryon, Hugh Gusterson & Joshua Braun | ||
| 260 | _bJournal of Broadcasting & Electronic Media | ||
| 260 | _cDecember | ||
| 300 | _a60:4, Pages: 714-728 | ||
| 500 | _aDecember | ||
| 650 | _xCommunication Arts | ||
| 650 | _xMultimedia Arts | ||
| 999 |
_c316163 _d316163 |
||